000 00920nam a2200265 i 4500
003 DO-SdBNP
005 20250522105703.0
007 ta
008 250522b2024 dr a|||| |||| 00| 0 spa d
020 _a9789945648669
040 _aDO-SdBNP
_bspa
_cBNPHU
_erda
041 _aspa
082 4 _axxx
_bxxx
_222
100 _aRosa Rosado, José Manuel de la,
_eautor
_4aut.
_987776
245 1 0 _aTrampa mortal /
_cJosé Manuel de la Rosa Rosado ; correción, Jerson Carvajal ; prólogo, Benito de la Rosa Pérez
250 _aSegunda edición
264 1 _aSanto Domingo :
_bSantuario,
_c2024.
300 _a112 páginas :
_bilustraciones ;
_c23 cm.
500 _aIncluye datos biográficos del autor en las solapas
590 _aInventariado, 2025/BT
700 1 _aCarvajal, Jerson,
_ecorrector
_4corr.
_987856
700 1 _aDe la Rosa Pérez, Benito,
_eprologuista
_4pr.
_987857
910 _aBtavárez
942 _2ddc
_cLBS1
999 _c58662
_d58662